| 000 | 00771cam a22002533a 4500 | ||
|---|---|---|---|
| 001 | 27929 | ||
| 003 | PGUSA | ||
| 005 | 20140828083614.0 | ||
| 008 | 090129s2009||||xxu|||||s|||||000 1 eng d | ||
| 040 |
_aPGUSA _beng |
||
| 042 | _adc | ||
| 050 | 4 | _aPR | |
| 100 | 1 |
_aMcCarthy, Justin H. _q(Justin Huntly), _d1860-1936 |
|
| 245 | 1 | 4 |
_aThe Lady of Loyalty House : _bA Novel _h[electronic resource] / _cJustin H. McCarthy |
| 260 |
_bProject Gutenberg, _c2009 |
||
| 506 | _aPublic domain in the USA. | ||
| 516 | _aElectronic text | ||
| 653 | _aAdventure stories | ||
| 653 | _aLove stories | ||
| 653 | _aGreat Britain -- History -- Civil War, 1642-1649 -- Fiction | ||
| 830 | 0 |
_aProject Gutenberg _v27929 |
|
| 856 | 4 | 0 | _uhttp://www.gutenberg.org/ebooks/27929 |
| 942 | _cEB | ||
| 999 |
_c257184 _d257184 |
||